| 000 | 00727nam a2200241Ia 4500 | ||
|---|---|---|---|
| 003 | OSt | ||
| 005 | 20220925204008.0 | ||
| 006 | a|||||r|||| 00| 0 | ||
| 007 | ta | ||
| 008 | 220923b |||||||| |||| 00| 0 eng d | ||
| 020 |
_a3631567906 _c3540.6900000000001 |
||
| 037 |
_b27240, 19/03/2009, Segment Book Distrobutors _cGeneral Book |
||
| 040 |
_aRTL _cRTL _beng |
||
| 041 |
_2eng _aeng |
||
| 082 | _aY:1OaX61, P7 | ||
| 100 |
_aCox Fiona _9267533 |
||
| 245 | 0 | _aMoney and culture. | |
| 260 |
_aFrankfurt _bPeter Lang _c2007 |
||
| 300 |
_a373p. _ccm. |
||
| 650 | _aSociology | ||
| 942 |
_hY:1OaX61, P7 _cGB _2CC |
||
| 999 |
_c548318 _d548318 |
||